Implementación Técnica y Participativa del Plan de Restauración de las Áreas Afectadas por Incendios Forestales en el Páramo de Rabanal-Municipio de Samaca : (Registro nro. 8825)
[ vista simple ]
| 000 -CABECERA | |
|---|---|
| Campo de control | 00987nam a22002057a 4500 |
| 005 - FECHA Y HORA DE LA ULTIMA TRANSACCION | |
| Campo de control | 20141126115250.0 |
| 008 - ELEMENTOS DE LONGITUD FIJA—INFORMACION GENERAL | |
| Campo de control | 141126b2011 ck Il. |r|||| 00| 0 spa d |
| 040 ## - FUENTE DE CATALOGACIÓN | |
| Agencia transcriptora | CO-BoIH |
| 041 ## - IDIOMA | |
| Código de idioma para texto/pista de sonido o título separado | Español |
| 044 ## - PAÍS DE PUBLICACIÓN | |
| País de publicación | Colombia |
| 090 ## - CLASIFICACIÓN LOCAL | |
| Colección | EA |
| Consecutivo | 00163 |
| 245 ## - MENCION DE TITULO | |
| Título | Implementación Técnica y Participativa del Plan de Restauración de las Áreas Afectadas por Incendios Forestales en el Páramo de Rabanal-Municipio de Samaca : |
| Parte restante del título | Cartilla Informativa |
| 260 ## - PUBLICACION, DISTRIBUCION, ETC. (PIE DE IMPRENTA) | |
| Lugar de publicación, distribución, etc. | [Boyacá?] : |
| Nombre del editor, distribuidor, etc. | Corporación Autónoma Regional de Boyacá-CORPOBOYACÁ, |
| Fecha de publicación, distribución, etc. | 2011. |
| 300 ## - DESCRIPCION FISICA | |
| Extensión | 17 pag. |
| Otros detalles físicos | Il., fot (col.) |
| Dimensiones | 28 cm. |
| 504 ## - NOTA DE BIBLIOGRAFIA, ETC. | |
| Nota de bibliografía | Incluye referencias bibliográficas (pag 17) |
| 650 ## - ASIENTO SECUNDARIO DE MATERIA - TERMINO TEMATICO | |
| Término temático o nombre geográfico como elemento de entrada | Prevención de incendios forestales |
| Subdivisión geográfica | Páramo Rabanal (Altiplano Cundiboyacense Dpt. Colombia) |
| 650 ## - ASIENTO SECUNDARIO DE MATERIA - TERMINO TEMATICO | |
| Término temático o nombre geográfico como elemento de entrada | Incendios forestales |
| Subdivisión geográfica | Páramo Rabanal (Altiplano Cundiboyacense Dpt. Colombia) |
| 650 ## - ASIENTO SECUNDARIO DE MATERIA - TERMINO TEMATICO | |
| Término temático o nombre geográfico como elemento de entrada | Protección del medio ambiente |
| Subdivisión geográfica | Páramo Rabanal (Altiplano Cundiboyacense Dpt. Colombia) |
| 942 ## - ELEMENTOS ADICIONALES (KOHA) | |
| Sistema de clasificación | Local |
| Tipo de ítem | Libro |
| Withdrawn status | Lost status | Sistema de Clasificación | Damaged status | No para préstamo | Colección | Inventariado | Ubicación Permanente | Ubicación actual | Fecha de adquisición | Fuente de Valor | Valor | Total Checkouts | Número topográfico | Inventario / Código de Barras | Date last seen | Ejemplar | Price effective from | Forma de adquisición | Tipo de material |
|---|---|---|---|---|---|---|---|---|---|---|---|---|---|---|---|---|---|---|---|
| Local | Educación Ambiental | Inventariado 2017 | Sala Fabio Quevedo | Sala Fabio Quevedo | 26/11/2014 | Instituto | 39000.00 | EA-00163 | 034896 | 26/11/2014 | Ej. 1 | 26/11/2014 | Libro |